Statistics for Taylor Swift - Track 3

Click here to take the quiz!

General Stats

  • This quiz has been taken 16 times
    (4 since last reset)
  • The average score is 10 of 11

Answer Stats

AlbumSong% Correct
MidnightsAnti-Hero
100%
Speak Now (Taylor’s Version)Back To December (Taylor’s Version)
100%
evermoregold rush
100%
reputationI Did Something Bad
100%
LoverLover
100%
Fearless (Taylor’s Version)Love Story (Taylor’s Version)
100%
1989 (Taylor’s Version)Style (Taylor’s Version)
100%
Taylor SwiftTeardrops On My Guitar
100%
folklorethe last great american dynasty
100%
Red (Taylor’s Version)Treacherous (Taylor’s Version)
75%
The Tortured Poets DepartmentMy Boy Only Breaks His Favorite Toys
50%

Score Distribution

Percentile by Number Answered

Percent of People with Each Score

Your Score History

You have not taken this quiz since the last reset